<?xml version="1.0" encoding="UTF-8"?>
<record
    xmlns:xsi="http://www.w3.org/2001/XMLSchema-instance"
    xsi:schemaLocation="http://www.loc.gov/MARC21/slim http://www.loc.gov/standards/marcxml/schema/MARC21slim.xsd"
    xmlns="http://www.loc.gov/MARC21/slim">

  <leader>01812nam a22001457a 4500</leader>
  <datafield tag="999" ind1=" " ind2=" ">
    <subfield code="c">531697</subfield>
    <subfield code="d">531697</subfield>
  </datafield>
  <controlfield tag="008">251008b           ||||| |||| 00| 0 eng d</controlfield>
  <datafield tag="100" ind1=" " ind2=" ">
    <subfield code="a">Subramaniam, Anuza and  Karunakaran, Kalpana </subfield>
    <subfield code="9">57084</subfield>
  </datafield>
  <datafield tag="245" ind1=" " ind2=" ">
    <subfield code="a">Reworking &#x2018;flexibility&#x2019;: Work-from-home experiences of first-generation graduates employed in the Indian information technology sector</subfield>
  </datafield>
  <datafield tag="260" ind1=" " ind2=" ">
    <subfield code="a">The Indian Journal of Labour Economies  </subfield>
  </datafield>
  <datafield tag="300" ind1=" " ind2=" ">
    <subfield code="a">68(2), Apr-Jun, 2025: p.665-679</subfield>
  </datafield>
  <datafield tag="520" ind1=" " ind2=" ">
    <subfield code="a">The COVID-19 pandemic and the associated national lockdowns led to the widespread implementation of Work-from-Home (WFH) in India&#x2019;s information technology (IT) sector. Since the end of the pandemic, many companies have adopted hybrid models of work that combine WFH as well as the office. In the light of these developments, this paper explores the gendered dimensions of a &#x2018;flexible&#x2019; strategy such as WFH for women and men workers during the pandemic and its changing contours with the passage of time. By focussing on first-generation graduates, the paper shows how IT employees&#x2019; homes were re-constituted as workplaces in familial settings marked by the absence of social and economic privilege. Drawing on scholarship on flexible labour in globalised workspaces, this paper discusses how pre-existing work flexibility was both intensified and recalibrated in the WFH regime with both employees and managers seeking to mould workplace flexibility to meet their specific and conflicting needs. Keywords: Information Technology (IT), work-from-home (WFH), flexible work, gender, India. &#x2013; Reproduced 

https://link.springer.com/article/10.1007/s41027-024-00550-0
</subfield>
  </datafield>
  <datafield tag="650" ind1=" " ind2=" ">
    <subfield code="a">Information technology (IT). Work-from-home (WFH). Flexible work. Gender. India.</subfield>
    <subfield code="9">57085</subfield>
  </datafield>
  <datafield tag="773" ind1=" " ind2=" ">
    <subfield code="a">The Indian Journal of Labour Economies  </subfield>
  </datafield>
  <datafield tag="942" ind1=" " ind2=" ">
    <subfield code="c">AR</subfield>
  </datafield>
  <datafield tag="952" ind1=" " ind2=" ">
    <subfield code="0">0</subfield>
    <subfield code="1">0</subfield>
    <subfield code="2">ddc</subfield>
    <subfield code="4">0</subfield>
    <subfield code="7">0</subfield>
    <subfield code="9">406887</subfield>
    <subfield code="a">IIPA</subfield>
    <subfield code="b">IIPA</subfield>
    <subfield code="d">2025-10-08</subfield>
    <subfield code="h">68(2), Apr-Jun, 2025: p.665-679</subfield>
    <subfield code="p">AR137363</subfield>
    <subfield code="r">2025-10-08</subfield>
    <subfield code="y">AR</subfield>
  </datafield>
</record>
